Представление документа в формате RUSMARC

ПолеНазваниеЗначение
  Тип записи a
  Библиографический уровень m
001 Контрольный номер RU/IS/BASE/546103100
005 Дата корректировки 20240207193755.8
010 Индекс ISBN __
a ISBN 978-5-17-047574-2
d Цена 120 р. 00 к.
b Уточнения в пер.
9 Тираж 4000 экз.
100 Данные общей обработки __
a Данные общей обработки 20170421d2017 ||| 0rusy0189 ca
101 Язык документа 0_
a Язык текста rus
102 Страна публикации __
a Страна публикации RU
105 Кодированные данные (монография) __
a Кодированные данные (монография) y###||||000|y
200 Заглавие и сведения об ответственности 1_
a Заглавие Бусый Волк
b Общее обозначение материала Текст
f Первые сведения об ответственности Мария Семёнова, Дмитрий Тедеев
e Сведения, относящиеся к заглавию фантастический роман
210 Выходные данные 1_
a Место издания Москва
c Издательство АСТ
210 Выходные данные 1_
a Место издания Санкт-Петербург
c Издательство Издательский Дом "Азбука-классика"
d Дата издания 2008
215 Физическое описание __
a Объем 349 с.
d Формат 20,5 см.
606 Тематические рубрики 1_
a Основная рубрика Русская литература, 21 в. - Фэнтези
610 Ключевые слова 1_
a Ключевые слова дар ясновидения (х. л.)
a Ключевые слова псы-симураны (х. л.)
a Ключевые слова русская фантастика
a Ключевые слова русское фэнтези
a Ключевые слова славянское фэнтези
a Ключевые слова фантастика
a Ключевые слова фантастические романы
a Ключевые слова фэнтези
a Ключевые слова фэнтези о детях
686 Индексы других классификаций __
a Классификационный индекс Р2
2 Код системы rubbk
700 Автор _1
a Фамилия Семёнова
b Имя (инициалы) Мария
g Полное личное имя М.
701 Альтернативная интеллектуальная ответственность _1
a Фамилия Тедеев
b Имя (инициалы) Дмитрий
g Полное личное имя Д.
790 Имя лица - альтернативная форма __
a Имя лица - альтернативная форма Семенова
801 Источник записи _0
a Страна RU
b Организация Ульяновская ОБДЮ
c Дата составления 20170421
g Правила каталогизации RCR
801 Источник записи _1
a Страна RU
b Организация Ульяновская ОБДЮ
c Дата составления 20170421
g Правила каталогизации RCR
852 Данные о местонахождении __
a Наименование организации Ульяновская ОБДЮ
i Авторский знак С 30
j Шифр хранения Р2
901 Тип документа __
t Тип документа m
909 Создатель записи __
a Создатель записи Мельник В.В.
910 Корректоры записи __
a Корректор записи Мельник В.В.
919 __
a Мельник В.В.
c Мельник В.В.
g 201904
938 Служебная информация __
a Имя БД MarkBase